Visualizzazione normale
Vista MARC
- Izzo F., Mancina C., Bimbi F., Pennacchi L., Sassoon Showstack A., Calloni M.,
di Personal Name
Records bibliografici associati: 1
001 - CONTROL NUMBER
- control field: 61550
003 - CONTROL NUMBER IDENTIFIER
- control field:
005 - DATE AND TIME OF LATEST TRANSACTION
- control field: 20250218112541.0
008 - FIXED-LENGTH DATA ELEMENTS
- fixed length control field: 250218|| aca||aabn | a|a d
040 ## - CATALOGING SOURCE
- Original cataloging agency:
- Transcribing agency:
100 ## - HEADING--PERSONAL NAME
- Personal name: Izzo F., Mancina C., Bimbi F., Pennacchi L., Sassoon Showstack A., Calloni M.,
- Personal name: Philips A., Del Re A., Ceccanti S., Urbinati N., Lamoureux D., Saraceno C., Addis E
670 ## - SOURCE DATA FOUND
- Source citation: Work cat.: ()246420: Coen Jean (et al.) 61549, Genere e cittadinanza., 2000